| 000 | 00658cam a2200193 i 4500 | ||
|---|---|---|---|
| 005 | 20260114122159.0 | ||
| 008 | 250721s2019 jo gr 000 0 ara d | ||
| 020 | _a9789923972311 | ||
| 082 | 1 | 4 |
_a306 _bع ج ل |
| 100 | 1 |
_aالعجلوني، ابراهيم _eالمؤلف. |
|
| 245 | 1 | 0 |
_aدون مقام الرضا: _bفي الكتابة ومكابدتها/ _cابراهيم العجلوني. |
| 250 | _aالطبعة الاولى، | ||
| 264 | 1 |
_aعمان : _bالمؤلف، _c2019. |
|
| 300 | _a(208)صفحة. | ||
| 650 | 1 | 7 | _aالثقافه الجماهيرية، |
| 650 | 1 | 7 | _aالمقالات. |
| 942 |
_2ddc _cBK |
||
| 999 |
_c140051 _d140051 |
||